00000000nam 2200000za 4500
0019.622561
003CaOODSP
00520241118080127
007ta
008150406|1994||||xxc|||||     f|0| 0 fre d
020 |a0-662-98970-8
040 |aCaOODSP|bfre
043 |an-cn---
0861 |aP62-40/2-1994F
1102 |aGroupe Communication Canada. |bÉdition.
24510|aEnvironnement
260 |aOttawa - Ontario : |bGroupe Communication Canada. |c1994.
300 |a36p. : |bill. ; |c23 cm.
4901 |aCatalogue
500 |a«Le présent catalogue met à votre disposition les renseignements les plus exacts et les plus à jour sur l'environnement que vous pouvez obtenir auprès du gouvernement fédéral canadien. Offertes dans les deux langues officielles, les publications tarifées du catalogue portent sur un vaste éventail de questions environnementales.»--Page 1.
5203 |aLe présent catalogue met à votre disposition les renseignements les plus exacts et les plus à jour sur l'environnement que vous pouvez obtenir auprès du gouvernement fédéral canadien. Offertes dans les deux langues officielles, les publications tarifées du catalogue portent sur un vaste éventail de questions environnementales.--Page 1
563 |aCouverture souple
590 |a94-18|b1994-05-06
69107|aEnvironnement|2gcpds
69107|aPublication gouvernementale|2gcpds
7760#|tEnvironnement : |w(CaOODSP)9.945255
830#0|aCatalogue.|w(CaOODSP)9.513203